书目信息 |
| 题名: |
能源与节能技术
|
|
| 作者: | 黄素逸 , 王晓墨 编著 | |
| 分册: | ||
| 出版信息: | 北京 中国电力出版社 2008.12 |
|
| 页数: | 382页 | |
| 开本: | 26cm | |
| 丛书名: | ||
| 单 册: | ||
| 中图分类: | TK01 | |
| 科图分类: | ||
| 主题词: | 能源--neng yuan--高等学校 | |
| 电子资源: | ||
| ISBN: | 978-7-5083-8191-6 | |
| 000 | 00909nam0 2200265 450 | |
| 001 | 012009050907 | |
| 005 | 20111214103927.09 | |
| 010 | @a978-7-5083-8191-6@dCNY38.00 | |
| 100 | @a20091005d2008 em y0chiy0120 ea | |
| 101 | 0 | @achi |
| 102 | @aCN@b110000 | |
| 105 | @aak a 000yy | |
| 200 | 1 | @a能源与节能技术@Aneng yuan yu jie neng ji shu@f黄素逸, 王晓墨编著@Fhuang su yi,wang xiao mo bian zhu |
| 205 | @a第2版 | |
| 210 | @a北京@c中国电力出版社@d2008.12 | |
| 215 | @a382页@c图@d26cm | |
| 300 | @a普通高等教育“十一五”国家级规划教材 | |
| 320 | @a有书目 (第381-382页) | |
| 330 | @a本书详细地阐述了能量与能源的概念、能源资源、能源与社会发展的关系,能源与环境,能量的转换与储存等等内容。 | |
| 606 | 0 | @a能源@Aneng yuan@x高等学校 |
| 690 | @aTK01@v4 | |
| 701 | 0 | @a黄素逸@Ahuang su yi@4编著 |
| 701 | 0 | @a王晓墨@Awang xiao mo@4编著 |
| 801 | 0 | @aCN@bQSSK@c20091005 |
| 905 | @b759683-87@dTK01@eH888@f5 | |
| 能源与节能技术/黄素逸, 王晓墨编著.-第2版.-北京:中国电力出版社,2008.12 |
| 382页:图;26cm |
| 普通高等教育“十一五”国家级规划教材 |
| ISBN 978-7-5083-8191-6:CNY38.00 |
| 本书详细地阐述了能量与能源的概念、能源资源、能源与社会发展的关系,能源与环境,能量的转换与储存等等内容。 |
| ● |
| 相关链接 |
|
|
|
正题名:能源与节能技术
索取号:TK01/H888
 
预约/预借
| 序号 | 登录号 | 条形码 | 馆藏地/架位号 | 状态 | 备注 |
| 1 | 471397 | 204713970 | 能源与建筑环境工程学院资料室/201建筑库 28排2列3层/ [索取号:TK01/H888] | 在馆 | |
| 2 | 471398 | 204713989 | 自科二线504/504自科库 8排3列1层/ [索取号:TK01/H888] | 在馆 | |
| 3 | 472491 | 204724913 | 自科二线504/504自科库 8排3列1层/ [索取号:TK01/H888] | 在馆 | |
| 4 | 472492 | 204724922 | 自科二线504/504自科库 8排3列1层/ [索取号:TK01/H888] | 在馆 | |
| 5 | 472493 | 204724931 | 自科二线504/504自科库 8排3列1层/ [索取号:TK01/H888] | 在馆 | |
| 6 | 472494 | 204724940 | 自科二线504/504自科库 8排3列1层/ [索取号:TK01/H888] | 在馆 | |
| 7 | 472495 | 204724959 | 期刊室512/501自科库 135排7列1层/ [索取号:TK01/H888] | 在馆 | |
| 8 | 473885 | 204738855 | 自科二线504/504自科库 8排3列1层/ [索取号:TK01/H888] | 在馆 | |
| 9 | 473886 | 204738864 | 能源与建筑环境工程学院资料室/201建筑库 28排2列3层/ [索取号:TK01/H888] | 在馆 | |
| 10 | 473887 | 204738873 | 自科二线504/504自科库 8排3列1层/ [索取号:TK01/H888] | 在馆 | |
| 11 | 759683 | 207596831 | 能源与建筑环境工程学院资料室/201建筑库 28排2列3层/ [索取号:TK01/H888] | 在馆 | |
| 12 | 759684 | 207596840 | 能源与建筑环境工程学院资料室/201建筑库 28排2列3层/ [索取号:TK01/H888] | 在馆 | |
| 13 | 759685 | 207596859 | 自科二线504/504自科库 8排3列1层/ [索取号:TK01/H888] | 在馆 | |
| 14 | 759686 | 207596868 | 自科二线504/504自科库 8排3列1层/ [索取号:TK01/H888] | 在馆 | |
| 15 | 759687 | 207596877 | 自科二线504/504自科库 8排3列1层/ [索取号:TK01/H888] | 在馆 |